[Event "Indianapolis Premier"]
[Site "Indianapolis"]
[Date "2021.09.26"]
[Round "4"]
[White "Posthuma, Joshua G"]
[Black "Nguyen, James Le"]
[Result "1-0"]
[WhiteElo "2362"]
[BlackElo "1902"]
[PlyCount "65"]
[EventDate "2021.09.24"]
[EventType "swiss"]
[EventRounds "5"]
[EventCountry "USA"]
[SourceTitle "CBM 204 Extra"]
[Source "ChessBase"]
[SourceDate "2021.11.30"]
[SourceVersion "1"]
[SourceVersionDate "2021.11.30"]
[SourceQuality "1"]

1. d4 d5 2. c4 c6 3. Nf3 Nf6 4. e3 e6 5. Nbd2 Be7 6. Bd3 0-0 7. 0-0 Nbd7 8. e4 dxe4 9. Nxe4 Nxe4 10. Bxe4 Nf6 11. Bc2 c5 12. Qd3 b6 13. Bg5 g6 14. Rad1 Bb7 15. Bh6 Re8 16. Ba4 Nd7 17. dxc5 Nf6 18. Bxe8 Qxe8 19. cxb6 axb6 20. a3 Qc6 21. Qc3 Ra5 22. Rd4 e5 23. Rdd1 Ng4 24. b4 Ra8 25. Bc1 e4 26. Ne5 Qf6 27. Bb2 Nh6 28. Rd7 Re8 29. Rxb7 Bd6 30. Nxf7 Bxh2+ 31. Kxh2 Ng4+ 32. Kg1 Qh4 33. Qg7# 1-0